[Event "Lichtenrader Herbst 2016"]
[Site "Berlin-Lichtenrade"]
[Date "2016.10.27"]
[Round "6.8"]
[White "Glantz, Robert"]
[Black "Schnabel, Ralf"]
[Result "0-1"]
[WhiteElo "2340"]
[BlackElo "2234"]
[PlyCount "76"]
[EventDate "2016.??.??"]
[WhiteTeam "SC Kreuzberg e.V."]
[BlackTeam "ESV Nickelhütte Aue"]

1. e4 Nf6 2. e5 Nd5 3. d4 d6 4. Nf3 dxe5 5. Nxe5 c6 6. Be2 Nd7 7. Nf3 N7f6 8.
c4 Nb6 9. h3 Bf5 10. Nc3 e6 11. O-O Be7 12. Nh4 Bg6 13. Nxg6 hxg6 14. Be3 O-O
15. Qb3 Qc7 16. a4 Nbd7 17. a5 e5 18. dxe5 Nxe5 19. Rfd1 Rfd8 20. Rxd8+ Bxd8
21. Bf4 Nfd7 22. Bh2 Nc5 23. Qc2 Bf6 24. Ne4 Qe7 25. Rd1 Nxe4 26. Qxe4 Re8 27.
Bf1 a6 28. Qe3 c5 29. Qd2 Qe6 30. Qe3 Qc8 31. Qa3 Nc6 32. Qxc5 Bxb2 33. Rd3 Re1
34. Qb6 Qf5 35. Qb3 Nd4 36. Rxd4 Bxd4 37. Bg3 Qe4 38. c5 Qe2 0-1

[Event "Lichtenrader Herbst 2016"]
[Site "Berlin-Lichtenrade"]
[Date "2016.10.27"]
[Round "6.9"]
[White "Gabuzyan, Hovhannes"]
[Black "Pueschel, Werner"]
[Result "1-0"]
[WhiteElo "2592"]
[BlackElo "2013"]
[PlyCount "35"]
[EventDate "2016.??.??"]
[BlackTeam "Lasker Steglitz-Wilmersdorf"]

1. Nf3 b6 2. g3 Bb7 3. Bg2 e6 4. O-O Be7 5. c4 h5 6. d4 Bxf3 7. Bxf3 c6 8. Nc3
h4 9. d5 hxg3 10. hxg3 Nh6 11. Kg2 Nf5 12. e4 Nd6 13. Qd4 Rg8 14. e5 Nf5 15.
Qe4 Bb4 16. Ne2 a5 17. Rd1 Qc7 18. Bg5 1-0

[Event "Lichtenrader Herbst 2016"]
[Site "Berlin-Lichtenrade"]
[Date "2016.10.27"]
[Round "6.10"]
[White "Roesemann, Rainer"]
[Black "Koenig, Falk"]
[Result "1-0"]
[WhiteElo "2282"]
[BlackElo "2037"]
[PlyCount "69"]
[EventDate "2016.??.??"]
[WhiteTeam "SV Bannewitz"]
[BlackTeam "SF Vonkeln 1931"]

1. c4 e6 2. Nc3 d5 3. d4 c6 4. Nf3 dxc4 5. e4 b5 6. a4 Bb4 7. Be2 Nf6 8. Qc2
Bb7 9. O-O a6 10. Bg5 h6 11. Bd2 Be7 12. e5 Nd5 13. Ne4 Nd7 14. Rfc1 Qb6 15. b3
cxb3 16. Qxb3 O-O 17. Qc2 Rfc8 18. Nc5 Nxc5 19. dxc5 Qc7 20. Qe4 Bf8 21. h4 Ne7
22. h5 Rd8 23. Ra3 a5 24. Bd3 g6 25. hxg6 fxg6 26. Qg4 Bc8 27. Bxg6 Nxg6 28.
Qxg6+ Qg7 29. Qe4 b4 30. Re3 Qh7 31. Qg4+ Qg7 32. Qh3 Be7 33. Re4 Kh7 34. Rg4
Qf8 35. Qh5 1-0

[Event "Lichtenrader Herbst 2016"]
[Site "Berlin-Lichtenrade"]
[Date "2016.10.27"]
[Round "6.11"]
[White "Giemsa, Stephan"]
[Black "Welz, Peter"]
[Result "1-0"]
[WhiteElo "2270"]
[BlackElo "2085"]
[PlyCount "95"]
[EventDate "2016.??.??"]
[WhiteTeam "SK König Tegel 1949 e.V."]
[BlackTeam "SV Empor Berlin e.V."]

1. d4 f5 2. Nc3 Nf6 3. Bg5 e6 4. e4 fxe4 5. Nxe4 Be7 6. Bxf6 Bxf6 7. Qh5+ g6 8.
Qh6 d5 9. Nxf6+ Qxf6 10. Nf3 Bd7 11. O-O-O a6 12. h4 Nc6 13. Qe3 O-O-O 14. Bd3
Rdf8 15. Rhe1 Qf4 16. c3 Rf6 17. Qxf4 Rxf4 18. Re3 h6 19. Rd2 Rhf8 20. Kd1 g5
21. hxg5 hxg5 22. Ke1 g4 23. Ng5 Re8 24. Rde2 Rf6 25. Kd2 Re7 26. b4 Nd8 27.
Rg3 Rf4 28. Ke3 Rf8 29. f4 gxf3 30. Nxf3 Nc6 31. Rg5 Kb8 32. Rf2 Ka7 33. Ne5
Rxf2 34. Nxc6+ Bxc6 35. Kxf2 Kb6 36. Ke3 Bb5 37. Bc2 Bc4 38. a3 a5 39. Re5 axb4
40. axb4 Kb5 41. g4 Rg7 42. g5 b6 43. g6 c5 44. bxc5 bxc5 45. Rxe6 Bf1 46. dxc5
Kxc5 47. Ba4 Rc7 48. g7 1-0

[Event "Lichtenrader Herbst 2016"]
[Site "Berlin-Lichtenrade"]
[Date "2016.10.27"]
[Round "6.12"]
[White "Holinka, Henning"]
[Black "Sliwicka, Alicja"]
[Result "1-0"]
[WhiteElo "2018"]
[BlackElo "2144"]
[PlyCount "101"]
[EventDate "2016.??.??"]
[WhiteTeam "Hamburger SK von 1830 eV"]
[BlackTeam "UKS OPP TORUN"]

1. e4 e5 2. Nf3 Nc6 3. Bc4 Nf6 4. d3 Be7 5. O-O O-O 6. Re1 d6 7. c3 Na5 8. Bb5
a6 9. Ba4 b5 10. Bc2 c5 11. d4 exd4 12. cxd4 cxd4 13. Nxd4 Re8 14. Nc3 Bb7 15.
Bg5 b4 16. Na4 Rc8 17. Nf5 Bf8 18. Qf3 Re6 19. Nd4 Re5 20. Bxf6 Qxf6 21. Qxf6
gxf6 22. Nb6 Rc7 23. Bd3 d5 24. Nf3 Rh5 25. exd5 Bc5 26. Nc4 Nxc4 27. Bxc4 Bxd5
28. g4 Bxf3 29. gxh5 Bxh5 30. Be2 Bg6 31. Rac1 a5 32. Rc4 Kf8 33. Bf1 Bd6 34.
Rxc7 Bxc7 35. Rc1 Be5 36. b3 Bd6 37. Re1 Be5 38. Bb5 Kg7 39. Rd1 Be4 40. Rd7
Bb1 41. Bc4 Bxa2 42. Rxf7+ Kg6 43. Ra7 Bb1 44. Rxa5 Be4 45. Bd5 Bd3 46. Kg2 Kf5
47. Kf3 h6 48. h4 Bf1 49. Bf7 Bd3 50. Ke3 Bf1 51. f4 1-0

[Event "Lichtenrader Herbst 2016"]
[Site "Berlin-Lichtenrade"]
[Date "2016.10.27"]
[Round "6.13"]
[White "Greiser, Christian"]
[Black "Hincu, Olga"]
[Result "0-1"]
[WhiteElo "2033"]
[BlackElo "2122"]
[PlyCount "110"]
[EventDate "2016.??.??"]
[WhiteTeam "SC Weisse Dame (Berlin)"]

1. c4 e6 2. Nc3 d5 3. d4 Nf6 4. Nf3 Bb4 5. a3 Bxc3+ 6. bxc3 c5 7. e3 O-O 8. Bd3
Nc6 9. O-O Qc7 10. cxd5 exd5 11. c4 dxc4 12. Bxc4 cxd4 13. exd4 Bg4 14. Bb2
Rad8 15. Qd3 Bxf3 16. Qxf3 Nxd4 17. Qd3 Qf4 18. Rad1 Ng4 19. Qg3 Qe4 20. Rde1
Qc2 21. Qc3 Qg6 22. h3 Nf6 23. Rd1 Ne4 24. Qe3 Nc2 25. Qf4 Ng5 26. Qg3 Ne6 27.
Qf3 Ncd4 28. Bxd4 Nxd4 29. Qxb7 a5 30. Kh1 Rd6 31. Bd5 Nf5 32. Bf3 Rb6 33. Qd5
Nh4 34. Be4 Qe6 35. Qd3 Ng6 36. Rfe1 Qb3 37. Qd2 Qxa3 38. Ra1 Qb4 39. Qd7 Re6
40. f3 Rfe8 41. Reb1 Qc3 42. Rc1 Qe5 43. Qa7 Qg3 44. Qxa5 Nf4 45. Ra2 g6 46.
Rc7 Rd6 47. Qa4 Red8 48. Rc1 Rd2 49. Rxd2 Rxd2 50. Qe8+ Kg7 51. Qe5+ Kh6 52.
Rg1 f5 53. Bc6 Rxg2 54. Qxf4+ Qxf4 55. Rxg2 Qc1+ 0-1

[Event "Lichtenrader Herbst 2016"]
[Site "Berlin-Lichtenrade"]
[Date "2016.10.27"]
[Round "6.14"]
[White "Krefenstein, Sergej"]
[Black "Wierzbicki, Jirawat"]
[Result "1/2-1/2"]
[WhiteElo "2176"]
[BlackElo "2108"]
[PlyCount "121"]
[EventDate "2016.??.??"]
[WhiteTeam "TuS Makkabi Berlin"]
[BlackTeam "SK König Tegel"]

1. Nf3 d5 2. c4 dxc4 3. e4 c5 4. Bxc4 Nc6 5. O-O e6 6. Nc3 Nf6 7. e5 Nd5 8. d4
Nxc3 9. bxc3 Be7 10. d5 exd5 11. Bxd5 Qc7 12. Bf4 Nd8 13. Qa4+ Qd7 14. Qe4 Qf5
15. Nd2 O-O 16. Nc4 Qxe4 17. Bxe4 Ne6 18. Be3 f5 19. Bd5 f4 20. Bc1 Rd8 21. Rd1
Kh8 22. Na5 Rb8 23. Rb1 Nc7 24. c4 Be6 25. Rxb7 Nxd5 26. Rxb8 Rxb8 27. cxd5 Bd7
28. Nc6 Bxc6 29. dxc6 Kg8 30. c7 Rc8 31. Rd7 Kf7 32. Bxf4 Ke6 33. Rd2 Rxc7 34.
Kf1 g5 35. Bg3 h5 36. h3 h4 37. Bh2 Rb7 38. g3 Rb1+ 39. Kg2 c4 40. gxh4 gxh4
41. Rd4 Rb2 42. Rxc4 Rxa2 43. Kf3 Kd5 44. Rf4 a5 45. Kg4 a4 46. Rf3 a3 47. Bf4
Rc2 48. Bg5 a2 49. Rd3+ Ke6 50. Rd1 Bxg5 51. Kxg5 Rxf2 52. Kxh4 Kxe5 53. Kg4
Rb2 54. Ra1 Kd4 55. h4 Kc3 56. h5 Kb3 57. h6 Rb1 58. Rxa2 Kxa2 59. Kg5 Rh1 60.
Kg6 Rxh6+ 61. Kxh6 1/2-1/2

[Event "Lichtenrader Herbst 2016"]
[Site "Berlin-Lichtenrade"]
[Date "2016.10.27"]
[Round "6.15"]
[White "Hahlbohm, Matthias"]
[Black "Noetzel, Felix"]
[Result "1/2-1/2"]
[WhiteElo "2100"]
[BlackElo "2209"]
[PlyCount "158"]
[EventDate "2016.??.??"]
[WhiteTeam "TSG Oberschöneweide e.V."]
[BlackTeam "SF 1903 Berlin"]

1. e4 e5 2. Nf3 Nc6 3. Bb5 a6 4. Ba4 b5 5. Bb3 Bc5 6. c3 d6 7. d4 exd4 8. cxd4
Bb4+ 9. Bd2 Bxd2+ 10. Nbxd2 Nf6 11. Rc1 Na5 12. Bc2 O-O 13. h3 c5 14. O-O Nd7
15. Re1 Bb7 16. Nf1 Re8 17. Ng3 g6 18. b3 Nc6 19. Qd2 Qf6 20. Rcd1 Rad8 21. d5
Nce5 22. Nh2 Qh4 23. Ngf1 Nf6 24. f4 Ned7 25. Nf3 Qh6 26. Ng3 Qg7 27. Qf2 Re7
28. Re2 Rde8 29. Red2 h5 30. Ng5 Nh7 31. Nf3 Qh6 32. Nh4 Ndf6 33. Qf3 Bc8 34.
Re1 Qg7 35. Qf2 Nf8 36. Nf3 Bb7 37. Rde2 N8h7 38. Nd2 Nd7 39. Ngf1 Qb2 40. Bb1
Qc3 41. Re3 Qa5 42. g4 Ndf6 43. Qg2 Kh8 44. R1e2 Qb6 45. Kh1 Bc8 46. e5 Nxd5
47. Rf3 Bb7 48. Be4 Nb4 49. gxh5 gxh5 50. Bxh7 Kxh7 51. Ne4 Bxe4 52. Rxe4 dxe5
53. fxe5 Rg8 54. Qf2 Qg6 55. Ng3 Rd7 56. Kh2 Nd3 57. Qe3 Rgd8 58. Rf6 Qg7 59.
Nf5 Qxf6 60. exf6 Kg6 61. Qh6+ Kxf5 62. Qh7+ Kxf6 63. Qxh5 Rd5 64. Qh4+ Rg5 65.
Rg4 Rdg8 66. Qh6+ R5g6 67. Qh4+ Ke6 68. Re4+ Ne5 69. Qe1 f6 70. Re2 Kf7 71. Qf1
Ke6 72. Qf4 Rg5 73. Qe4 Rf5 74. Qc6+ Ke7 75. Qxc5+ Ke6 76. Qb6+ Kf7 77. Qa7+
Kf8 78. Qb8+ Kf7 79. Qc7+ Ke6 1/2-1/2

[Event "Lichtenrader Herbst 2016"]
[Site "Berlin-Lichtenrade"]
[Date "2016.10.27"]
[Round "6.16"]
[White "Terhorst, Jochen"]
[Black "Bolk, Matthias"]
[Result "1-0"]
[WhiteElo "2184"]
[BlackElo "2078"]
[PlyCount "79"]
[EventDate "2016.??.??"]
[WhiteTeam "SC Wittlich 1947"]
[BlackTeam "SC Kreuzberg e.V."]

1. e4 c5 2. Nf3 d6 3. Bb5+ Nd7 4. d4 cxd4 5. Qxd4 e5 6. Qd3 h6 7. Nc3 Ngf6 8.
Be3 Be7 9. O-O O-O 10. Rfd1 a6 11. Bxd7 Bxd7 12. a4 Qc7 13. h3 Rac8 14. Qe2 Qc4
15. Qe1 Be6 16. a5 Bd7 17. Bb6 Bc6 18. b3 Qe6 19. Rd3 Nd7 20. Nd5 Bxd5 21. exd5
Qf5 22. Nd4 exd4 23. Qxe7 Nxb6 24. axb6 Rxc2 25. Rf3 Qxd5 26. Rd1 Rb2 27. Rg3
Rxb3 28. Rg4 Qe5 29. Qxb7 d3 30. Re4 Qc5 31. Qxa6 Rb2 32. Re3 d2 33. Qe2 Qxb6
34. Rd3 Qb4 35. Kh2 Qb5 36. Qf3 Qe5+ 37. g3 Re8 38. R3xd2 Rxd2 39. Rxd2 Re6 40.
Rd5 {Zü.} 1-0

[Event "Lichtenrader Herbst 2016"]
[Site "Berlin-Lichtenrade"]
[Date "2016.10.27"]
[Round "6.17"]
[White "Feil, Stephan"]
[Black "Schnabel, Bennett"]
[Result "1/2-1/2"]
[WhiteElo "2140"]
[BlackElo "1948"]
[PlyCount "81"]
[EventDate "2016.??.??"]
[WhiteTeam "SK 1962 Ladenburg"]
[BlackTeam "SV Mattnetz Berlin"]

1. e4 d5 2. Nc3 d4 3. Nce2 e5 4. d3 Bb4+ 5. Bd2 Bxd2+ 6. Qxd2 c5 7. g3 Nc6 8.
f4 f6 9. Bh3 Bxh3 10. Nxh3 Nh6 11. Nf2 Qb6 12. O-O Nf7 13. a3 a5 14. Kg2 h5 15.
h3 Qc7 16. f5 Ke7 17. c3 b5 18. Rac1 Qb6 19. Qc2 Rhc8 20. g4 h4 21. Qb3 Ng5 22.
Rc2 a4 23. Qd5 Na5 24. cxd4 cxd4 25. Rfc1 Rxc2 26. Rxc2 Rb8 27. Nc1 Qd6 28. Qa2
Nc6 29. b4 Rc8 30. Rc5 Na7 31. Rxc8 Nxc8 32. Qg8 Qc6 33. Qxg7+ Nf7 34. Ne2 Qc2
35. g5 fxg5 36. Nxd4 exd4 37. e5 Qc6+ 38. Ne4 Qc2+ 39. Nf2 Qc6+ 40. Ne4 Qc2+
41. Nf2 1/2-1/2

[Event "Lichtenrader Herbst 2016"]
[Site "Berlin-Lichtenrade"]
[Date "2016.10.27"]
[Round "6.18"]
[White "Barath, Madhan"]
[Black "Hofene, Dieter"]
[Result "1/2-1/2"]
[WhiteElo "2125"]
[BlackElo "2056"]
[PlyCount "46"]
[EventDate "2016.??.??"]
[WhiteTeam "SC Zugzwang 95 e.V."]
[BlackTeam "SF Beelen 1984 e.V."]

1. d4 Nf6 2. c4 e6 3. Nc3 Bb4 4. e3 Ne4 5. Qc2 f5 6. Bd3 O-O 7. Bxe4 fxe4 8.
Qxe4 d5 9. Qd3 b6 10. a3 Bxc3+ 11. Qxc3 Ba6 12. b3 Qf6 13. Qc2 dxc4 14. bxc4
Bxc4 15. Nf3 Bd5 16. e4 Qg6 17. Qxc7 Bxe4 18. Be3 Na6 19. Qg3 Qxg3 20. hxg3
Bxf3 21. gxf3 Rac8 22. Ke2 Nc7 23. Rac1 Nd5 1/2-1/2

[Event "Lichtenrader Herbst 2016"]
[Site "Berlin-Lichtenrade"]
[Date "2016.10.27"]
[Round "6.19"]
[White "Schulz, Stefan"]
[Black "Rettore, Ludwig"]
[Result "0-1"]
[WhiteElo "1904"]
[BlackElo "2087"]
[PlyCount "56"]
[EventDate "2016.??.??"]
[WhiteTeam "SV Görlitz"]
[BlackTeam "Il Castelletto"]

1. e4 c5 2. Nf3 e6 3. d4 cxd4 4. Nxd4 Nc6 5. Nc3 d6 6. g4 a6 7. Be3 Nge7 8. Nb3
b5 9. f4 Bb7 10. Qd2 Ng6 11. Qf2 Be7 12. O-O-O Qc7 13. h4 b4 14. Na4 Na5 15.
Bd3 Nxb3+ 16. axb3 h5 17. gxh5 Rxh5 18. Qe2 Rxh4 19. Rxh4 Bxh4 20. f5 exf5 21.
exf5 Ne5 22. Bb6 Qc6 23. Bc4 Be7 24. Bd5 Qc8 25. Qg2 Bxd5 26. Qxd5 Qc6 27. Qd2
Rc8 28. Ba5 Bg5 0-1

[Event "Lichtenrader Herbst 2016"]
[Site "Berlin-Lichtenrade"]
[Date "2016.10.27"]
[Round "6.20"]
[White "Schmalzried, Volker"]
[Black "Gebigke, Martin"]
[Result "0-1"]
[WhiteElo "1874"]
[BlackElo "2121"]
[PlyCount "52"]
[EventDate "2016.??.??"]
[BlackTeam "SC Kreuzberg"]

1. c4 e5 2. Nc3 Nf6 3. g3 c6 4. Bg2 d5 5. cxd5 cxd5 6. d4 exd4 7. Qxd4 Nc6 8.
Qd1 d4 9. Ne4 Nxe4 10. Bxe4 Bc5 11. Bg2 O-O 12. Nf3 Re8 13. O-O Bg4 14. a3 Qd7
15. b4 Bb6 16. Bb2 Rad8 17. Qd2 Qf5 18. Rfe1 h6 19. a4 a5 20. b5 Nb4 21. Rac1
d3 22. e4 Qh5 23. Nh4 Nc2 24. h3 Be6 25. Bf3 Qg5 26. Red1 Qxg3+ 0-1

[Event "Lichtenrader Herbst 2016"]
[Site "Berlin-Lichtenrade"]
[Date "2016.10.27"]
[Round "6.21"]
[White "Boettcher, Patrick"]
[Black "Schaberg, Wolfgang"]
[Result "1-0"]
[WhiteElo "2150"]
[BlackElo "1863"]
[PlyCount "43"]
[EventDate "2016.??.??"]
[WhiteTeam "SC Zitadelle Spandau 1977 e.V."]
[BlackTeam "Franciacorta"]

1. e4 c5 2. Nf3 d6 3. d4 cxd4 4. Nxd4 Nf6 5. Nc3 a6 6. a4 g6 7. Be2 Bg7 8. Be3
Nc6 9. Nb3 O-O 10. O-O Na5 11. Nxa5 Qxa5 12. f4 Bd7 13. Qe1 Rfe8 14. b4 Qc7 15.
Bd3 Rac8 16. Ra3 e6 17. h3 Red8 18. Qf2 Ng4 19. hxg4 Bxc3 20. Bb6 Bxb4 21. Bxc7
Rxc7 22. Qh4 1-0

[Event "Lichtenrader Herbst 2016"]
[Site "Berlin-Lichtenrade"]
[Date "2016.10.27"]
[Round "6.22"]
[White "Hartmann, Jakob"]
[Black "Schmidt, Juergen"]
[Result "1/2-1/2"]
[WhiteElo "2037"]
[BlackElo "1953"]
[PlyCount "97"]
[EventDate "2016.??.??"]
[WhiteTeam "SV Königsjäger Süd-West e.V."]
[BlackTeam "SC Kreuzberg"]

1. e4 e5 2. Nf3 Nc6 3. Bc4 Nf6 4. d4 exd4 5. e5 d5 6. Bb5 Ne4 7. Nxd4 Bd7 8.
Bxc6 bxc6 9. O-O Qh4 10. Be3 Bc5 11. c3 Bb6 12. f3 Nc5 13. Nd2 O-O 14. b4 Ne6
15. f4 Nxd4 16. cxd4 f6 17. Nf3 Qh5 18. Rc1 a5 19. a3 axb4 20. axb4 Ra3 21. Qd2
Rfa8 22. Rc3 Qf5 23. Rxa3 Rxa3 24. exf6 gxf6 25. Qf2 Rb3 26. Bd2 Rb1 27. h3
Rxf1+ 28. Qxf1 Qe4 29. Qf2 Bf5 30. Kh2 Qd3 31. Qe3 Qe4 32. Kg3 Bd7 33. Kh2 Kf7
34. Qf2 Bc8 35. Qh4 Bxd4 36. Nxd4 Qxd4 37. Qxh7+ Kf8 38. Qh8+ Kf7 39. Qxc8 Qxd2
40. Qxc7+ Kg6 41. h4 Qxb4 42. h5+ Kh6 43. Kh3 Qc3+ 44. g3 Qf3 45. Kh2 Qxh5+ 46.
Kg2 Qe2+ 47. Kg1 Qf3 48. Kh2 d4 49. Qd8 1/2-1/2

[Event "Lichtenrader Herbst 2016"]
[Site "Berlin-Lichtenrade"]
[Date "2016.10.27"]
[Round "6.23"]
[White "Acikel, Mert"]
[Black "Heuer, Thomas"]
[Result "1/2-1/2"]
[WhiteElo "1871"]
[BlackElo "2127"]
[PlyCount "30"]
[EventDate "2016.??.??"]
[WhiteTeam "SK König Tegel 1949 e.V."]
[BlackTeam "TSG Neuruppin"]

1. e4 c5 2. Nf3 Nc6 3. d4 cxd4 4. Nxd4 Nf6 5. Nc3 d6 6. Be2 g6 7. O-O Bg7 8.
Nb3 O-O 9. Bg5 Be6 10. Re1 d5 11. exd5 Nxd5 12. Nxd5 Qxd5 13. Qxd5 Bxd5 14. c3
h6 15. Bh4 g5 1/2-1/2

[Event "Lichtenrader Herbst 2016"]
[Site "Berlin-Lichtenrade"]
[Date "2016.10.27"]
[Round "6.24"]
[White "Federau, Juergen"]
[Black "Baum, Jonasz"]
[Result "1/2-1/2"]
[WhiteElo "2118"]
[BlackElo "1851"]
[PlyCount "105"]
[EventDate "2016.??.??"]
[WhiteTeam "SC Kreuzberg"]
[BlackTeam "UKS Czternastka Warszawa"]

1. d4 Nf6 2. c4 e6 3. Nc3 d5 4. cxd5 exd5 5. Bg5 Nbd7 6. e3 c6 7. Bd3 Be7 8.
Qc2 Nh5 9. Bxe7 Qxe7 10. Nge2 g6 11. O-O Ng7 12. Rab1 Nf6 13. b4 Bf5 14. b5 O-O
15. bxc6 bxc6 16. Rb3 Rab8 17. Rfb1 Rxb3 18. Rxb3 Qc7 19. Nf4 Bxd3 20. Nxd3 Rb8
21. h3 Ne6 22. Na4 Rxb3 23. axb3 Ne4 24. b4 a5 25. Qb2 axb4 26. Qxb4 Qd6 27.
Qxd6 Nxd6 28. Nb4 Nd8 29. Nc5 Nc4 30. Nd7 f5 31. Nb8 Na5 32. Kf1 Kf7 33. Ke2
Ke6 34. N8a6 Kd6 35. Nc5 Ne6 36. Nbd3 Nc4 37. h4 h6 38. Nxe6 Kxe6 39. Nf4+ Kf6
40. f3 g5 41. hxg5+ hxg5 42. Nd3 Ke6 43. g3 Nd6 44. Ne5 c5 45. dxc5 Kxe5 46.
cxd6 Kxd6 47. Kd3 g4 48. f4 Kc5 49. Kc3 Kc6 50. Kb4 Kb6 51. Kc3 Kc5 52. Kd3 Kc6
53. Kd4 1/2-1/2

[Event "Lichtenrader Herbst 2016"]
[Site "Berlin-Lichtenrade"]
[Date "2016.10.27"]
[Round "6.25"]
[White "Fanin, Erik"]
[Black "Heerde, Thomas"]
[Result "0-1"]
[WhiteElo "1832"]
[BlackElo "2044"]
[PlyCount "108"]
[EventDate "2016.??.??"]
[WhiteTeam "SK König Tegel 1949 e.V."]
[BlackTeam "SC Weisse Dame (Berlin)"]

1. e4 d6 2. d4 Nf6 3. Nc3 g6 4. h3 Bg7 5. Bc4 O-O 6. Nf3 Nc6 7. Be3 Nxe4 8.
Nxe4 d5 9. Bd3 dxe4 10. Bxe4 f5 11. Bxc6 bxc6 12. Qd2 c5 13. Bh6 cxd4 14. Bxg7
Kxg7 15. Qxd4+ Qxd4 16. Nxd4 e5 17. Nb3 a5 18. O-O-O Rf6 19. Rhe1 e4 20. Rd8 a4
21. Nd2 Rd6 22. Rxd6 cxd6 23. Nc4 Be6 24. Nxd6 Bxa2 25. Re3 Ra6 26. Nb5 Bc4 27.
Na3 Bf1 28. g4 Kf6 29. f4 exf3 30. Rxf3 Bg2 31. Rg3 Be4 32. g5+ Ke5 33. h4 Kf4
34. Rg1 Rc6 35. c3 Kf3 36. Nb5 Kf2 37. Rd1 Kg3 38. Rd7 Kxh4 39. Rxh7+ Kxg5 40.
Nd4 Ra6 41. c4 Kg4 42. c5 g5 43. Rd7 Ra5 44. Rc7 f4 45. Kd2 a3 46. bxa3 Rxa3
47. Ne6 Bf5 48. Ng7 Rd3+ 49. Ke2 f3+ 50. Ke1 Re3+ 51. Kf2 Re2+ 52. Kf1 Bd3 53.
Rd7 Bc4 54. c6 Ra2+ 0-1

[Event "Lichtenrader Herbst 2016"]
[Site "Berlin-Lichtenrade"]
[Date "2016.10.27"]
[Round "6.26"]
[White "Gelemerov, Yane"]
[Black "Scheide, Helmut"]
[Result "1-0"]
[WhiteElo "2026"]
[BlackElo "1955"]
[PlyCount "67"]
[EventDate "2016.??.??"]
[WhiteTeam "Krakra Pernishki"]
[BlackTeam "USV Potsdam e.V., Abt. Schach"]

1. e4 e5 2. Bc4 Nf6 3. Nc3 Nc6 4. d3 Be7 5. f4 exf4 6. Bxf4 d6 7. Nf3 Bg4 8.
O-O Qd7 9. Qd2 Bxf3 10. Rxf3 Nd4 11. Rff1 Ne6 12. h3 Nh5 13. Bh2 Bf6 14. Qe2
Bd4+ 15. Kh1 Nf6 16. Rf5 O-O-O 17. Raf1 Rdf8 18. Qf3 h6 19. Ne2 Bb6 20. h4 Nd8
21. c3 Re8 22. a4 Nc6 23. b4 a6 24. a5 Ba7 25. b5 Nxa5 26. bxa6 Nxc4 27. axb7+
Kb8 28. dxc4 Rxe4 29. Nd4 Rhe8 30. g4 Bxd4 31. cxd4 Re1 32. Qa3 Qc6+ 33. Kg1 d5
34. Qa8# 1-0

[Event "Lichtenrader Herbst 2016"]
[Site "Berlin-Lichtenrade"]
[Date "2016.10.27"]
[Round "6.27"]
[White "Bekasovs, Rihards"]
[Black "Bluhm, Robert"]
[Result "1-0"]
[WhiteElo "2003"]
[BlackElo "1915"]
[PlyCount "43"]
[EventDate "2016.??.??"]
[WhiteTeam "Riga Chess School"]
[BlackTeam "TSG Oberschöneweide e.V."]

1. c4 Nf6 2. Nf3 d6 3. Nc3 g6 4. g3 Bg7 5. Bg2 O-O 6. Rb1 c6 7. O-O Qc7 8. d3
Nbd7 9. Bd2 Re8 10. b4 Rb8 11. a4 Ng4 12. Ne1 Nf8 13. Nc2 e5 14. b5 Bd7 15. Nb4
Ne6 16. e3 Nh6 17. Qc2 Nf5 18. bxc6 bxc6 19. Na6 Rxb1 20. Nxc7 Rxf1+ 21. Bxf1
Nxc7 22. Qb3 1-0

[Event "Lichtenrader Herbst 2016"]
[Site "Berlin-Lichtenrade"]
[Date "2016.10.27"]
[Round "6.28"]
[White "Buttkus, Andre"]
[Black "Barisch, Florian"]
[Result "1-0"]
[WhiteElo "2024"]
[BlackElo "1914"]
[PlyCount "59"]
[EventDate "2016.??.??"]
[WhiteTeam "SK Tempelhof 1931"]
[BlackTeam "SV Alsfeld"]

1. d4 e6 2. Bf4 Nf6 3. e3 Be7 4. Bd3 O-O 5. c3 b6 6. Qf3 Nc6 7. Nd2 Bb7 8. Qh3
d6 9. Ngf3 Bc8 10. Bg5 g6 11. Qh4 h5 12. Qg3 Kg7 13. Nh4 Qe8 14. f4 Nh7 15.
Bxe7 Nxe7 16. e4 f5 17. O-O Qf7 18. Rae1 Re8 19. Re2 Bb7 20. Rfe1 Kh6 21. exf5
Nxf5 22. Qh3 Bc6 23. Bc4 d5 24. Bd3 Qf6 25. Nhf3 Kg7 26. Ne5 Bb7 27. Ndf3 Rad8
28. g4 hxg4 29. Nxg4 Qh4 30. Nxh4 1-0

[Event "Lichtenrader Herbst 2016"]
[Site "Berlin-Lichtenrade"]
[Date "2016.10.27"]
[Round "6.29"]
[White "Arndt, Uwe"]
[Black "Seefeld, Marc"]
[Result "1-0"]
[WhiteElo "1995"]
[BlackElo "1930"]
[PlyCount "77"]
[EventDate "2016.??.??"]
[WhiteTeam "BSV 63 Chemie Weißensee"]
[BlackTeam "Läufer Reinickendorf"]

1. d4 Nf6 2. c4 e6 3. Nc3 d5 4. Nf3 c6 5. cxd5 exd5 6. Qc2 Be7 7. Bg5 O-O 8. e3
Ne4 9. Bxe7 Qxe7 10. Bd3 f5 11. O-O Nd7 12. Rab1 a5 13. a3 Nxc3 14. Qxc3 Nf6
15. b4 Ne4 16. Qb2 b5 17. Ne5 Bd7 18. Bxe4 fxe4 19. Rfc1 Rfc8 20. bxa5 Rxa5 21.
Qb4 Qxb4 22. axb4 Ra7 23. Ra1 Rcc7 24. Rxa7 Rxa7 25. Nxd7 Rxd7 26. Rxc6 Ra7 27.
h3 Ra4 28. Rc5 Rxb4 29. Rxd5 Rb1+ 30. Kh2 b4 31. Re5 b3 32. Rxe4 Rc1 33. Re8+
Kf7 34. Rb8 Rc3 35. Kg3 Ke6 36. Rb5 Kd6 37. Kf3 Kc6 38. Rb4 Kd5 39. h4 1-0

[Event "Lichtenrader Herbst 2016"]
[Site "Berlin-Lichtenrade"]
[Date "2016.10.27"]
[Round "6.30"]
[White "Dathe, Frederick"]
[Black "Witte, Ronald"]
[Result "1/2-1/2"]
[WhiteElo "1909"]
[BlackElo "2021"]
[PlyCount "61"]
[EventDate "2016.??.??"]
[WhiteTeam "SC Kreuzberg"]
[BlackTeam "BSV 63 Chemie Weißensee"]

1. Nf3 Nf6 2. g3 g6 3. Bg2 Bg7 4. O-O O-O 5. d3 Nc6 6. e4 d6 7. Nc3 a6 8. a4
Rb8 9. h3 h6 10. Be3 e5 11. Nd2 b5 12. axb5 axb5 13. f4 b4 14. Ne2 Bd7 15. Nf3
Qe7 16. Qd2 Kh7 17. g4 exf4 18. Bxf4 Ng8 19. Rab1 Ne5 20. Nxe5 dxe5 21. Be3 c5
22. b3 Be6 23. Ng3 Ra8 24. Ra1 Rfc8 25. Qf2 Bf8 26. Bf3 Qc7 27. h4 Be7 28. g5
h5 29. Qe2 Rxa1 30. Rxa1 Kg7 31. Kg2 1/2-1/2

[Event "Lichtenrader Herbst 2016"]
[Site "Berlin-Lichtenrade"]
[Date "2016.10.27"]
[Round "6.70"]
[White "Dukaczewski, Piotr"]
[Black "Llopis de Aysa, Manuel"]
[Result "0-1"]
[WhiteElo "2201"]
[BlackElo "2023"]
[PlyCount "84"]
[EventDate "2016.??.??"]
[WhiteTeam "Hetman Warszawa"]
[BlackTeam "La Tour Aycelin"]

1. c4 g6 2. Nc3 Bg7 3. d4 d6 4. e4 e5 5. Nge2 Nd7 6. Be3 Ne7 7. Qd2 O-O 8. h4
f5 9. f3 fxe4 10. Nxe4 Nf5 11. Bg5 Qe8 12. d5 h6 13. Be3 Nxe3 14. Qxe3 Nf6 15.
N2c3 Nxe4 16. Nxe4 Bf5 17. Bd3 Qf7 18. g3 b5 19. O-O bxc4 20. Bxc4 Bxe4 21.
fxe4 Qd7 22. Kg2 Qa4 23. Rfc1 Rf7 24. Rc3 Raf8 25. a3 Kh7 26. Rac1 h5 27. R1c2
Bh6 28. Qg1 Kg8 29. b4 Qd7 30. Be2 Qd8 31. Qxa7 c5 32. Qa6 Rf2+ 33. Kg1 Qd7 34.
g4 Qf7 35. Qd3 Qf4 36. Qg3 Rf1+ 37. Kg2 Qf2+ 38. Qxf2 R8xf2+ 39. Kh3 Rh1+ 40.
Kg3 Rhh2 41. gxh5 Bf4+ 42. Kg4 Rfg2+ 0-1

[Event "Lichtenrader Herbst 2016"]
[Site "Berlin-Lichtenrade"]
[Date "2016.10.28"]
[Round "7.1"]
[White "Chatalbashev, Boris"]
[Black "Kovalev, Andrei"]
[Result "1-0"]
[WhiteElo "2534"]
[BlackElo "2506"]
[PlyCount "89"]
[EventDate "2016.??.??"]
[WhiteTeam "SV Würselen"]

1. d4 Nf6 2. c4 g6 3. Nc3 Bg7 4. e4 d6 5. Be2 O-O 6. Bg5 c5 7. d5 a6 8. a4 Qa5
9. Bd2 e6 10. Nf3 exd5 11. exd5 Bg4 12. O-O Nbd7 13. h3 Bxf3 14. Bxf3 Qc7 15.
g4 Ne8 16. Bg2 f5 17. Ne2 Be5 18. Qc1 fxg4 19. hxg4 Nef6 20. f3 Rae8 21. Bh6
Rf7 22. Ra3 Qb6 23. Re3 Qxb2 24. Qxb2 Bxb2 25. Re6 Nf8 26. Rb1 Bd4+ 27. Nxd4
cxd4 28. g5 Rxe6 29. dxe6 Nxe6 30. gxf6 g5 31. f4 gxf4 32. Bd5 Rxf6 33. Bxf4
Rxf4 34. Bxe6+ Kg7 35. Bd5 d3 36. a5 Kf6 37. Rd1 Rd4 38. Kf2 Kf5 39. Ke3 Rg4
40. Rxd3 h5 41. Rb3 Rg3+ 42. Bf3 Rg1 43. Rxb7 Re1+ 44. Be2 Ra1 45. Rh7 1-0

[Event "Lichtenrader Herbst 2016"]
[Site "Berlin-Lichtenrade"]
[Date "2016.10.28"]
[Round "7.2"]
[White "Karpatchev, Aleksandr"]
[Black "Teske, Henrik"]
[Result "1/2-1/2"]
[WhiteElo "2463"]
[BlackElo "2482"]
[PlyCount "34"]
[EventDate "2016.??.??"]
[WhiteTeam "SF Bad Mergentheim"]
[BlackTeam "SV Empor Erfurt"]

1. e4 e5 2. Nf3 Nf6 3. Nxe5 d6 4. Nf3 Nxe4 5. d4 d5 6. Bd3 Be7 7. O-O Nc6 8. c4
Nb4 9. Be2 O-O 10. Nc3 Bf5 11. a3 Nxc3 12. bxc3 Nc6 13. cxd5 Qxd5 14. Re1 Rfe8
15. Bf4 Bd6 16. c4 Qe4 17. Be3 Rad8 1/2-1/2